Econometrics

שמור ב:
מידע ביבליוגרפי
מחבר ראשי: Tinbergen, Jan
פורמט: ספר
שפה:Undetermined
יצא לאור: 2005
נושאים:
תגים: הוספת תג
אין תגיות, היה/י הראשונ/ה לתייג את הרשומה!
Thư viện lưu trữ: Trung tâm Học liệu Trường Đại học Cần Thơ
LEADER 00423nam a2200169Ia 4500
001 CTU_97475
008 210402s9999 xx 000 0 und d
020 |c 2325000 
082 |a 330 
082 |b T587 
100 |a Tinbergen, Jan 
245 0 |a Econometrics 
245 0 |c Jan Tinbergen 
260 |c 2005 
650 |a Economics, mathematical 
904 |i M.Loan 
980 |a Trung tâm Học liệu Trường Đại học Cần Thơ